Copper in instrumentation. (Record no. 548590)

000 -LEADER
fixed length control field 00549cam a22001811i 4500
082 ## - DEWEY DECIMAL CLASSIFICATION NUMBER
Classification number 669.3
Author Mark COP
-- L-17, P-21
100 ## - MAIN ENTRY--PERSONAL NAME
Personal name CDA
9 (RLIN) 25800
110 2# - MAIN ENTRY--CORPORATE NAME
Corporate name or jurisdiction name as entry element Copper Development Association.
9 (RLIN) 40948
245 10 - TITLE STATEMENT
Title Copper in instrumentation.
Statement of responsibility, etc. CDA
260 ## - PUBLICATION, DISTRIBUTION, ETC.
Place of publication, distribution, etc. Radlett, Herts :
Name of publisher, distributor, etc. Copper development association
Date of publication, distribution, etc. 1955.
300 ## - PHYSICAL DESCRIPTION
Extent 152 p.
Other physical details ill.
Dimensions 24 cm
490 1# - SERIES STATEMENT
Series statement Its C. D. A. publication
526 ## - STUDY PROGRAM INFORMATION NOTE
Program name 0
Interest level 0
Reading level 0
Title point value 669_300000000000000_COP
650 #0 - SUBJECT ADDED ENTRY--TOPICAL TERM
Topical term or geographic name entry element Copper.
9 (RLIN) 40949
650 #0 - SUBJECT ADDED ENTRY--TOPICAL TERM
Topical term or geographic name entry element MCE
9 (RLIN) 379
650 #0 - SUBJECT ADDED ENTRY--TOPICAL TERM
Topical term or geographic name entry element Physical instruments.
9 (RLIN) 39824
942 ## - ADDED ENTRY ELEMENTS (KOHA)
Source of classification or shelving scheme
Koha item type Book
Holdings
Withdrawn status Lost status Source of classification or shelving scheme Damaged status Not for loan Permanent Location Current Location Date acquired Total Checkouts Total Renewals Full call number Barcode Date last seen Date last checked out Price effective from Koha item type
          Military College of Engineering (MCE) Military College of Engineering (MCE) 09/03/2014 1 1 669.3 COP MCE-34 09/11/2014 09/05/2014 09/03/2014 Book
© 2023 Central Library, National University of Sciences and Technology. All Rights Reserved.